IFM Opac

financing the small states in australian federalism (Record no. 13532)

MARC details
000 -LEADER
fixed length control field 00349nam a22001337a 4500
020 ## - INTERNATIONAL STANDARD BOOK NUMBER
International Standard Book Number 0195503422
082 ## - DEWEY DECIMAL CLASSIFICATION NUMBER
Classification number 336.94 MAY
100 ## - MAIN ENTRY--PERSONAL NAME
Personal name May, R J.
245 ## - TITLE STATEMENT
Title financing the small states in australian federalism
260 ## - PUBLICATION, DISTRIBUTION, ETC.
Place of publication, distribution, etc. London
Name of publisher, distributor, etc. Oxford University
Date of publication, distribution, etc. 1971
300 ## - PHYSICAL DESCRIPTION
Extent xiii,335p.
Other physical details 23cm.
500 ## - GENERAL NOTE
General note Include index, Bibliography
942 ## - ADDED ENTRY ELEMENTS (KOHA)
Koha item type Books
Holdings
Withdrawn status Lost status Source of classification or shelving scheme Damaged status Not for loan Home library Current library Shelving location Date acquired Full call number Barcode Date last seen Price effective from Koha item type
    Dewey Decimal Classification     IFM Main Campus Library IFM Main Campus Library   11/06/2015 336.94 MAY 0000005659 11/06/2015 11/06/2015 Books